书目信息 |
| 题名: |
赌运
|
|
| 作者: | 霍夫曼, 著 ;杨武能 译 | |
| 分册: | 上 | |
| 出版信息: | 桂林 广西师范大学出版社 2003.06 |
|
| 页数: | 300页 | |
| 开本: | 23cm | |
| 丛书名: | 杨武能译文集 | |
| 单 册: | ||
| 中图分类: | I516.44 | |
| 科图分类: | ||
| 主题词: | 短篇小说--德国--近代--作品集 , 中篇小说--德国--近代--作品集 | |
| 电子资源: | ||
| ISBN: | 7-5633-3977-9 | |
| 000 | 01046nam 2200289 450 | |
| 001 | 192004004559 | |
| 005 | 20070907162401.15 | |
| 010 | @a7-5633-3977-9@dCNY22.40 | |
| 100 | @a20070604d2003 ekmy0chiy0121 ea | |
| 101 | 1 | @achi@cger |
| 102 | @aCN@b450000 | |
| 105 | @ay z 000ay | |
| 200 | 1 | @a赌运@Adu yun@e德语国家中短篇小说选萃@h上@f(德) 霍夫曼等著@g杨武能译 |
| 210 | @a桂林@c广西师范大学出版社@d2003.06 | |
| 215 | @a300页@d23cm | |
| 225 | 2 | @a杨武能译文集@Ayang wu neng yi wen ji |
| 300 | @a其他题名:德语国家中短篇小说选萃 | |
| 330 | @a本书汇集了二十多篇德语国家中短篇小说名作,其中有《赌运》、《智利地震》、《爱的实验》、《圣诞老人也担风险》、《护身符》等。 | |
| 410 | 0 | @12001 @a杨武能译文集 |
| 517 | 1 | @a德语国家中短篇小说选萃@Ade yu guo jia zhong duan pian xiao shuo xuan cui |
| 606 | 0 | @a短篇小说@y德国@z近代@j作品集 |
| 606 | 0 | @a中篇小说@y德国@z近代@j作品集 |
| 690 | @aI516.44@v4 | |
| 701 | 1 | @a霍夫曼,@Ahuo fu man,@e德@4著 |
| 702 | 0 | @a杨武能@Ayang wu neng@4译 |
| 801 | 0 | @aCN@c20070907 |
| 905 | @dI516.44@eH968 | |
| 赌运:德语国家中短篇小说选萃.上/(德) 霍夫曼等著/杨武能译.-桂林:广西师范大学出版社,2003.06 |
| 300页;23cm.-(杨武能译文集) |
| 其他题名:德语国家中短篇小说选萃 |
| ISBN 7-5633-3977-9:CNY22.40 |
| 本书汇集了二十多篇德语国家中短篇小说名作,其中有《赌运》、《智利地震》、《爱的实验》、《圣诞老人也担风险》、《护身符》等。 |
| ● |
| 相关链接 |
|
|
|
正题名:赌运
索取号:I516.44/H968
 
预约/预借
| 序号 | 登录号 | 条形码 | 馆藏地/架位号 | 状态 | 备注 |
| 1 | 616864 | 206168644 | 文学库116/116文学库 17排5列5层/ [索取号:I516.44/H968] | 在馆 | |
| 2 | 616865 | 206168653 | 文学库116/400B社科库 22排4列4层/ [索取号:I516.44/H968] | 在馆 | |
| 3 | 616866 | 206168662 | 文学库116/116文学库 17排5列5层/ [索取号:I516.44/H968] | 在馆 |